<?xml version="1.0" encoding="UTF-8"?>
<record
    xmlns:xsi="http://www.w3.org/2001/XMLSchema-instance"
    xsi:schemaLocation="http://www.loc.gov/MARC21/slim http://www.loc.gov/standards/marcxml/schema/MARC21slim.xsd"
    xmlns="http://www.loc.gov/MARC21/slim">

  <leader>01025cam a22002171  4500</leader>
  <controlfield tag="001">f  01003640 </controlfield>
  <controlfield tag="003">DLC</controlfield>
  <controlfield tag="005">20260227111247.0</controlfield>
  <controlfield tag="008">860630s1869    be            000 0 fre  </controlfield>
  <datafield tag="010" ind1=" " ind2=" ">
    <subfield code="a">f  01003640 </subfield>
  </datafield>
  <datafield tag="035" ind1=" " ind2=" ">
    <subfield code="a">(OCoLC)13801177</subfield>
  </datafield>
  <datafield tag="040" ind1=" " ind2=" ">
    <subfield code="a">DLC</subfield>
    <subfield code="c">MdBJ-W</subfield>
    <subfield code="d">MdBJ-W</subfield>
    <subfield code="d">DLC</subfield>
  </datafield>
  <datafield tag="042" ind1=" " ind2=" ">
    <subfield code="a">premarc</subfield>
  </datafield>
  <datafield tag="050" ind1="0" ind2="0">
    <subfield code="a">LF4015</subfield>
    <subfield code="b">.L4</subfield>
  </datafield>
  <datafield tag="100" ind1="1" ind2=" ">
    <subfield code="a">Le Roy, Alphonse,</subfield>
    <subfield code="d">1822-</subfield>
  </datafield>
  <datafield tag="245" ind1="1" ind2="0">
    <subfield code="a">Liber memorialis.</subfield>
    <subfield code="b">L'Universit&#xE9; de Li&#xE9;ge depuis sa fondation,</subfield>
    <subfield code="c">par Alphonse Le Roy ... Ouvrage r&#xE9;dig&#xE9; et publi&#xE9; en vertu d'une d&#xE9;cision du conseil acad&#xE9;mique, &#xE0; l'occasion du premier jubil&#xE9; semi-s&#xE9;culaire de l'Universit&#xE9; (3 nov. 1867).</subfield>
  </datafield>
  <datafield tag="260" ind1=" " ind2=" ">
    <subfield code="a">Li&#xE9;ge,</subfield>
    <subfield code="b">Impr. J.G. Carmanne,</subfield>
    <subfield code="c">1869.</subfield>
  </datafield>
  <datafield tag="300" ind1=" " ind2=" ">
    <subfield code="a">2 p.l., 80, lxxix p., 1180 col., cxliv p.</subfield>
    <subfield code="b">front., illus., double pl., plans.</subfield>
    <subfield code="c">27 cm.</subfield>
  </datafield>
  <datafield tag="505" ind1="0" ind2=" ">
    <subfield code="a">I. ptie. Les f&#xEA;tes du 3 novembre 1867.--2. ptie. La famille universitaire. I. Les professeurs et leur auxiliaires.--3. ptie. La famille universitiare. II. Les &#xE9;l&#xE8;ves.</subfield>
  </datafield>
  <datafield tag="610" ind1="2" ind2="0">
    <subfield code="a">Universit&#xE9; de Li&#xE8;ge</subfield>
    <subfield code="x">History.</subfield>
  </datafield>
  <datafield tag="999" ind1=" " ind2=" ">
    <subfield code="c">23134</subfield>
    <subfield code="d">23134</subfield>
  </datafield>
</record>
